000 00306nam a2200109Ia 4500
008 220204s9999 xx 000 0 und d
082 _a929A/Z(CHA)
_bCHA
100 _aChagla, M C
245 0 _aRoses in December: An autobiography with epilogue
260 _aBombay
_bBharatiya Vidyabhavan
_c1973
942 _cBK
999 _c28976
_d28976